| 000 | 00816 a2200205 4500 | ||
|---|---|---|---|
| 010 | _aENG-90102 | ||
| 020 |
_a0230634958 _c295.00 |
||
| 035 | _aEN-73635 | ||
| 037 | _bDBAD / PUB | ||
| 082 | 1 | 4 | _a649.7 |
| 090 |
_c12442 _d12442 |
||
| 100 | 1 | _aReasoner, Robert W. | |
| 245 | 1 |
_aParenting with purpose: _cby Robert W. Reasoner [and] Marilyn L. Lane _bfive keys to raising children with values and vision; a complete guide for parents, grandparents, and caregivers/ |
|
| 260 |
_aNew Delhi _bMacmillan India _c2008(repr) |
||
| 270 |
_a2/10, Ansari Road, Daryaganj, _bNew Delhi _e110002 _cDelhi |
||
| 300 |
_axiii, 205p.: _c24 cm (pbk) _bill. |
||
| 700 | _aLane, Marilyn L. | ||
| 942 |
_adpl _cEN _k649.7 / REA |
||
| 999 |
_c12086 _d12086 |
||